<The> Efficiency of EU merger control during the period 1990-2008

Regulácia fúzií v Európskej únii. Kontrola fúzií Európskou komisiou. Účinnosť kontroly fúzií v EÚ v období 1990-2008. Nariadenie ES o fúziách. Hodnotenie regulačnej reformy Európskej únie z roku 2004 na základe údajov kapitálového trhu. Zneužívanie dominantného postavenia na trhu a ochrana hospodárs...

ver descrição completa

Na minha lista:
Detalhes bibliográficos
Autor principal: Serdarević, Goran
Outros Autores: Teplý, Petr
Formato: Capítulo de Livro
Idioma:inglês
Assuntos:
Tags: Adicionar Tag
Sem tags, seja o primeiro a adicionar uma tag!

MARC

LEADER 00000naa a2200000 4500
001 0135711
005 20231010115910.6
041 0 |a eng 
044 |a CZ 
245 1 0 |a <The> Efficiency of EU merger control during the period 1990-2008  |c Goran Serdarević, Petr Teplý 
520 |a Regulácia fúzií v Európskej únii. Kontrola fúzií Európskou komisiou. Účinnosť kontroly fúzií v EÚ v období 1990-2008. Nariadenie ES o fúziách. Hodnotenie regulačnej reformy Európskej únie z roku 2004 na základe údajov kapitálového trhu. Zneužívanie dominantného postavenia na trhu a ochrana hospodárskej súťaže. Model PROBIT. 
610 2 0 |a Európska únia 
610 2 0 |a fúzie 
610 2 0 |a kontrola 
610 2 0 |a regulácia 
610 2 0 |a súťaž hospodárska 
610 2 0 |a modely 
100 1 |a Serdarević, Goran 
700 1 |a Teplý, Petr